[Event "Avoine op 24th"]
[Site "Avoine"]
[Date "2009.07.24"]
[Round "7"]
[White "Chabeaud, Jean Jacques"]
[Black "Fouillet, Arnaud"]
[Result "0-1"]
[WhiteElo "1815"]
[BlackElo "1982"]
[PlyCount "104"]
[EventDate "2009.07.18"]
[EventType "swiss"]
[EventRounds "9"]
[EventCountry "FRA"]
[SourceTitle "CBM 131 Extra"]
[Source "ChessBase"]
[SourceDate "2009.09.03"]
[SourceVersion "2"]
[SourceVersionDate "2009.09.16"]
[SourceQuality "1"]

1. d4 Nf6 2. Nf3 e6 3. Bg5 h6 4. Bh4 Be7 5. e3 b6 6. Nbd2 Bb7 7. Bd3 c5 8. c3 Nc6 9. 0-0 0-0 10. Re1 Nh5 11. Bxe7 Qxe7 12. Qe2 d6 13. Ba6 Nf6 14. Bxb7 Qxb7 15. Rad1 b5 16. dxc5 dxc5 17. Nb3 Qb6 18. e4 Na5 19. e5 Nd5 20. Nxa5 Qxa5 21. Ra1 Rab8 22. Rec1 c4 23. g3 Qc7 24. a3 a5 25. h4 Rfc8 26. Nd4 Qc5 27. a4 bxa4 28. Rxa4 Nb6 29. Ra2 Nd7 30. f4 Qb6 31. Rca1 Nc5 32. Rxa5 Nb3 33. Ra6 Nxd4 34. cxd4 Qxd4+ 35. Qf2 Qxf2+ 36. Kxf2 Rxb2+ 37. Ke3 Rb3+ 38. Kf2 h5 39. Ra8 Rbb8 40. Rxb8 Rxb8 41. Rc1 Rb2+ 42. Ke3 Rb3+ 43. Kf2 c3 44. Kg2 Kh7 45. Kf2 Kg6 46. Ke2 Kf5 47. Kf2 Ke4 48. Re1+ Kd3 49. Re3+ Kd2 50. Re2+ Kc1 51. Ke1 c2 52. Rg2 Kb1 0-1